00659nam a2200193Ia 4500008004100000020001400041082001500055100001700070245006800087250000700155260005600162300002900218500001900247600002100266650005000287942000700337952010600344999001500450240925s9999 xx 000 0 und d a201565072 a005.13 MOS aMoss, Charis 0aProlog ++: the power of object- oriented and logic programming  aNA aWokingham:bAddison-Wily Publishing Companyc,1995. axxii,528p.bNAfOriginal aIncludes Index aComputer Science aComputer science, information & general works cBK 001040708CSaUITUbUITUd2001-04-21eNAl0o005.13 MOSpQ3590r2024-09-25 07:13:12w2024-09-25yBK c6089d6089